Service Manual of Scanning Probe Microscope JSPM-5200 (Record no. 563332)

000 -LEADER
fixed length control field 00353nam a2200133Ia 4500
008 - FIXED-LENGTH DATA ELEMENTS--GENERAL INFORMATION
fixed length control field 210430s9999 xx 000 0 und d
020 ## - INTERNATIONAL STANDARD BOOK NUMBER
International Standard Book Number 224522452245
082 ## - DEWEY DECIMAL CLASSIFICATION NUMBER
Classification number 502.82 J549 S
100 ## - MAIN ENTRY--PERSONAL NAME
Personal name JEOL
9 (RLIN) 53359
245 ## - TITLE STATEMENT
Title Service Manual of Scanning Probe Microscope JSPM-5200
Statement of responsibility, etc. JEOL
260 ## - PUBLICATION, DISTRIBUTION, ETC.
Place of publication, distribution, etc. Japan
Name of publisher, distributor, etc. JEOL
Date of publication, distribution, etc. 2007
300 ## - PHYSICAL DESCRIPTION
Extent 126p.
942 ## - ADDED ENTRY ELEMENTS (KOHA)
Koha item type Book
Source of classification or shelving scheme
Holdings
Withdrawn status Lost status Damaged status Not for loan Collection code Permanent Location Current Location Shelving location Date acquired Total Checkouts Full call number Barcode Date last seen Price effective from Koha item type
          School of Chemical & Materials Engineering (SCME) School of Chemical & Materials Engineering (SCME) General Stacks     502.82 J549 S SCME-2245 04/30/2021 04/30/2021 Book
© 2023 Central Library, National University of Sciences and Technology. All Rights Reserved.